00355nam a2200109Ia 4500082001300000245002800013100004300041942000700084008004100091999001900132952009400151 aEKF POWE 0aFive run away together  a BLYTON, Enid London., 2012 910125 cBK210817s9999 xx 000 0 und d c163086d163085 00104070aKINRLbKINRLd2021-08-18g49.55l0p3228314009286r2021-08-18w2021-08-18yBK